Paroles Quand on arrive en ville - Starmania - Statistiques

Statistiques générales
  • Ce quiz a été pris 2 503 fois
  • Le résultat moyen est 274 sur 348
Statistiques - réponses
Réponse % Correct
Quand
100%
quand
100%
a
99%
à
99%
Le
99%
le
99%
on
99%
On
99%
arrive
98%
en
98%
ville
98%
de
97%
De
97%
les
97%
Les
97%
la
96%
tout
95%
Tout
95%
ce
93%
pas
93%
Dans
92%
dans
92%
peau
92%
C'est
91%
c'est
91%
fait
91%
change
89%
Mais
89%
mais
89%
peur
89%
peur,
89%
sur
89%
Sur
89%
voir
89%
Des
88%
des
88%
trottoir
88%
Ça
87%
Et
87%
par
87%
Qui
87%
qui
87%
se
87%
l'monde
86%
soir
86%
est
85%
Est
85%
dort
84%
du
84%
Du
84%
l'air
84%
il
83%
tranquille
81%
passants
80%
ils
79%
un
79%
boulevards
78%
être
78%
Etre
78%
lames
78%
nos
78%
Nous
78%
rasoir
78%
sang
78%
filles
77%
panique
77%
rire
77%
veut
77%
veut,
77%
au
76%
comme
76%
heureux
76%
maquillent
76%
vieux
76%
avant
75%
qu'on
75%
voient
75%
Alors
74%
ans
74%
brouillard
74%
viole
74%
part
73%
c'qu'on
72%
gars
72%
nulle
72%
72%
virils
72%
d'avoir
71%
zonards
71%
éclair
70%
n'a
70%
toujours
70%
trente
70%
parkings
69%
jour
68%
pour
68%
vous
68%
l'temps
66%
que
66%
d'être
65%
l'heure
65%
bagarre
64%
d'attendre
64%
descendent
63%
temps
63%
attendant
62%
noir
62%
gens
61%
peut
61%
aux
60%
hangars
60%
hasard
59%
préparez
59%
Préparez
59%
buildings
57%
frappe
57%
met
57%
sans
56%
passe
55%
incognito
54%
l'feu
54%
plongée
53%
vit
53%
prend
52%
Si
52%
souterraine
51%
disent
50%
journaux
50%
domicile
49%
tard
49%
trop
49%
banlieues-dortoir
48%
moins
48%
ne
48%
aura
47%
désespoir
47%
va
47%
brancards
46%
débile
46%
40
44%
bizarre
44%
promènent
44%
sera
44%
s'y
44%
l'an
43%
paraît
43%
2000
42%
faire
42%
p't être
42%
ressortent
42%
casser
41%
demain
41%
maintenant,
40%
peut-être
40%
viendra
40%
vos
38%
mobile
36%
rentrez
36%
agit
35%
Jaguars
35%
Qu'est-ce
35%
prendre
31%
danser
30%
allez
28%
égratigne
28%
Aucun quiz correspondant
Distribution des résultats
% des personnes avec chaque résultat
Percentile par nombre de réponses
Votre historique - résultats
Vous n’avez pas pris ce quiz